03728nam a2200253 a 4500003000500000005001700005007001500022008004100037035001100078040000900089100002800098245019600126264004100322300006100363336002700424337002900451338004000480502003500520520275700555650002803312650002403340700005703364856005303421CHAP20250507133904.0cr ||||||a|c|a110117s2010 mx r 00010 spa d a111919 cCHAP1 aRamírez Nava, Sergio.10aSupervisión de producción durante la elaboración de panqué y pan danés en una panificadora industrialc/por Sergio Ramírez Nava; director de tesis Ma. Ofelia Buendía González. 1aChapingo, Méx. :bEl autor,c2010. a1 recurso en línea (110 páginas):bcuadros, figuras. 2rdacontentatextobtxt 2rdamediaacomputadorabc 2rdacarrierarecursos en líneabcr bIAcAgroindustriasd2010.gLIC aTodo grupo necesita un líder, una persona que dirija sus esfuerzos y actividades hacia un objetivo específico y las empresas no son una excepción. Dentro de las empresas panaderas existe una gran necesidad de líderes, especialmente en el área de producción, como Supervisor de Producción. El Supervisor realiza una actividad clave dentro de una empresa, pues de él depende que el trabajo se realice con la calidad requerida, que el equipo dé el mayor rendimiento, pero sin olvidar el mantener en alto la moral de cada uno de los trabajadores desarrollando sus habilidades y reconociendo su labor. Para poder conseguirlo, lo primero es tener los conocimientos adecuados, es decir, concluir los estudios en una carrera que nos dé las bases, como la de Ingeniería Agroindustrial. Una vez habiendo ingresado en una empresa panadera, se debe aprovechar al máximo la capacitación que se reciba, pues con cada una se desempeñará mejor el trabajo ya que cada puesto y cada línea son distintas. No se debe perder de vista que la capacitación y la actualización de conocimientos son importantes, y debe continuar a todo lo largo de nuestra vida laboral, esto siempre nos hará mejores Supervisores. Bimbo es la empresa en la que me he desarrollado como Supervisor de Producción después de haber egresado de Agroindustrias de la Universidad Autónoma Chapingo, y en ésta compañía el Supervisor de Producción es la persona sobre la que recae la responsabilidad de la operación y productividad de los procesos, así como de la calidad del producto y optimización de recursos de la empresa. Es quien apoya y resuelve, junto con su equipo de trabajo, los problemas que surgen día con día. Además, es el Supervisor de Producción quien persigue y pone en marcha los planes comerciales de los diferentes productos, que son desarrollados en el área de nuevos productos, con la finalidad de satisfacer los diversos nichos de mercado. El puesto de Supervisor de Producción existe en una gran variedad de empresas, dedicadas a su vez a generar una gran variedad de productos, en este trabajo se mencionarán a grandes rasgos cada una de las actividades que desarrolla un Supervisor de Producción en Bimbo, una importante empresa panadera, debido a que tiene una fuerte presencia no solo en nuestro país, sino en varios países del mundo. Así también se realizará una revisión bibliográfica sobre los ingredientes que conforman el pan, las etapas del proceso productivo, específicamente en las líneas de Panqué y pan fermentado dulce (pan Danés), algunas variables técnicas que afectan y la preparación profesional para desempeñar mejor el puesto de Supervisor de Producción. 14aIndustria panificadora.14aPanxElaboración.1 aBuendía González, Ma. OfeliaeDirector de tesis. uhttp://10.13.5.2/tesis/111919.pdfzDESCARGAR PDF